000
00243nam a2200109Ia 4500
008
190216s9999||||xx |||||||||||||| ||und||
100
_a
Narayan R K
245
4
_a
The Dark Room
260
_b
Orient Paper Back
650
_a
English
942
_c
BK
999
_c
12723
_d
12723